Seis sombreros para pensar /

Guardado en:
Autor Principal: De Bono, Edward, 1933-
Formato: Libro
Idioma:Spanish
English
Publicado: Buenos Aires : Ediciones Granica, 2003, c1988.
Series:Management. Conocimiento.
Materias:
Etiquetas: Agregar Etiqueta
Sin Etiquetas, Sea el primero en etiquetar este registro!
LEADER 00856nam a22002655a 4500
001 EAD.ead001027
008 030326t20031988ag#a#####/####000#0#spa##
005 20101019140234.0
245 1 0 |a Seis sombreros para pensar /  |c Edward De Bono. 
260 |a Buenos Aires :  |b Ediciones Granica,  |c 2003, c1988. 
300 |a 207 p. :  |b il. ;  |c 22 cm. 
490 0 |a Management. Conocimiento 
500 |a Traducción de: Six thinking hats. 
500 |a "Una guía de pensamiento para gente de acción"--Tapa. 
020 |a 9506410615 
100 1 0 |a De Bono, Edward,  |d 1933- 
830 0 |a Management.  |p Conocimiento. 
080 |a 159.955 
082 0 4 |a 153.42  |2 21 
653 |a Creatividad 
653 |a Pensamiento creativo 
019 |a B 26426-2002 
040 |a M-BN  |b spa  |c M-BN 
041 1 |a spa  |h eng 
859 |a AR-BaBDC  |b BIB. ADMINISTRACION - Libros  |h 153.42  |i D352-4  |p b04933